Quiz o NRD - Statystyki

Ogólne statystyki
  • Ten quiz został rozwiązany 56 razy
    47 od ostatniego zresetowania
  • Średni wynik to 13 z 18
Statystyki odpowiedzi
Pytanie Odpowiedź % Poprawnych
Państwo graniczące z NRD od wschodu PRL
100%
Jaki był ustrój NRD? Demokracja ludowa
97%
Państwo graniczące z NRD od zachodu RFN
97%
W którym roku mur ten upadł? 1989
94%
Państwo graniczące z NRD od południa Czechosłowacja
94%
Rozwiń skrót NRD Niemiecka Republika Demokratyczna
91%
Na ile krajów związkowych podzielona była NRD? 5
89%
Jaka była stolica NRD? Berlin Wschodni
89%
Ze strefy okupacyjnej którego państwa utworzono NRD? ZSRR
77%
Jakie obiekty znajdowały się w godle NRD? Cyrkiel, Młot, Kłosy
71%
W którym roku wybudowano mur berliński? 1961
69%
Jakie były 2 najbardziej znane marki samochodów w NRD? Trabant / Wartburg
69%
W jakich latach istniała NRD? 1949-1990
63%
W którym roku wybuchło powstanie berlińskie? 1953
57%
Jak nazywała się tajna policja polityczna w NRD? Stasi
54%
Jak nazywał się przywódca NRD w latach 1971-1989? Erich Honecker
49%
Jak nazywał się przywódca NRD w latach 1950-1971? Walter Ulbricht
29%
Partia, która sprawowała władzę w NRD SED
26%
Nie znaleziono quizów pasujących do podanych kryteriów
Rozkład punktacji
Procent ludzi z każdym wynikiem
Percentyl według liczby udzielonych odpowiedzi
Twoja historia wyników
Nie rozwiązałeś tego quizu od ostatniego zresetowania